Central Library OPAC University of Rajshahi

The Bodley Head Scott Fitzgerald / (Record no. 25657)

MARC details
000 -LEADER
fixed length control field 00708nam a2200229 a 4500
001 - CONTROL NUMBER
control field 25657
003 - CONTROL NUMBER IDENTIFIER
rucl marc code BD-RjUL
005 - DATE AND TIME OF LATEST TRANSACTION
control field 20211209050917.0
008 - FIXED-LENGTH DATA ELEMENTS--GENERAL INFORMATION
fixed length control field 140319s1963 enk 000 0 eng
035 ## - SYSTEM CONTROL NUMBER
System control number (BD-RjUL)25727
040 ## - CATALOGING SOURCE
Original cataloging agency DLC
Transcribing agency OAkU
Modifying agency DLC
-- BD-RjUL
Language of cataloging eng
041 ## - LANGUAGE CODE
Language code of text/sound track or separate title eng
082 00 - DEWEY DECIMAL CLASSIFICATION NUMBER
Classification number 823.91
Author mark and year FIB 1963
Edition number 23
100 1# - MAIN ENTRY--PERSONAL NAME
Personal name Fitzgerald, F. Scott
Fuller form of name (Francis Scott),
Dates associated with a name 1896-1940
9 (RLIN) 78828
245 04 - TITLE STATEMENT
Title The Bodley Head Scott Fitzgerald /
Statement of responsibility, etc. With an introd. by J. B. Priestley.
260 ## - PUBLICATION, DISTRIBUTION, ETC. (IMPRINT)
Place of publication, distribution, etc. London :
Name of publisher, distributor, etc. Bodley Head,
Date of publication, distribution, etc. c1963.
300 ## - PHYSICAL DESCRIPTION
Pagination V. ;
Size 20 cm.
505 ## - FORMATTED CONTENTS NOTE
Formatted contents note Vol. 1-- V. 2-- V. 3-- V. 4-- V. 5-- V. 6--
650 #0 - SUBJECT ADDED ENTRY--TOPICAL TERM
Topical term or geographic name as entry element American literature.
9 (RLIN) 78829
942 ## - ADDED ENTRY ELEMENTS (KOHA)
Source of classification or shelving scheme Dewey Decimal Classification
Koha item type Books
Holdings
Lost status Source of classification or shelving scheme Damaged status Not for loan Collection code Permanent Location Current Location Shelving location Date acquired Source of acquisition Cost, normal purchase price Total Checkouts Full call number Date last seen Copy number Koha item type
  Dewey Decimal Classification   Added to bundle Fiction Central Library, University of Rajshahi Central Library, University of Rajshahi Reading Room 06/03/1970 Zeit 33.00   823.91 FIB V-6 1963 19/03/2014 C-1 Books
  Dewey Decimal Classification   Not For Loan Fiction Central Library, University of Rajshahi Central Library, University of Rajshahi Reading Room 11/04/1964 Zeitlinger 20.00   823.91 FIB V-4 1951 23/05/2017 C-1 Books
  Dewey Decimal Classification   Not For Loan Fiction Central Library, University of Rajshahi Central Library, University of Rajshahi Reading Room 11/04/1964 Zeitlinger 20.00   823.91 FIB V-1 1963 23/05/2017 C-1 Books
  Dewey Decimal Classification     Fiction Central Library, University of Rajshahi Central Library, University of Rajshahi   11/04/1964 Zeitlinger 20.00   823.91 FIB V-1 1963 23/05/2017 C-2 Books
  Dewey Decimal Classification   Not For Loan Fiction Central Library, University of Rajshahi Central Library, University of Rajshahi Reading Room 16/03/1970 Zeitlinger 40.00   823.91 FIB V-5 1963 23/05/2017 C-1 Books
  Dewey Decimal Classification   Not For Loan Fiction Central Library, University of Rajshahi Central Library, University of Rajshahi Reading Room 16/03/1970 Zeit 33.00   823.91 FIB V-3 1965 23/05/2017 C-1 Books